Metodické aspekty implementácie a hodnotenia integrovaného podnikového manažérstva diplomová práca

Gespeichert in:
Bibliographische Detailangaben
1. Verfasser: Mikušová, Kristína
Körperschaft: Podnikovohospodárska fakulta EU so sídlom v Košiciach. Katedra manažmentu
Weitere Verfasser: Majerník, Milan
Format: Buch
Sprache:Slowakisch
Veröffentlicht: Košice 2017
Tags: Tag hinzufügen
Keine Tags, Fügen Sie das erste Tag hinzu!

MARC

LEADER 00000nbm a2200000 4500
001 0231545
005 20171121123107.6
041 0 |a slo 
044 |a SK 
245 1 0 |a Metodické aspekty implementácie a hodnotenia integrovaného podnikového manažérstva  |b diplomová práca  |c Kristína Mikušová ; školiteľ: Milan Majerník 
264 1 |a Košice  |c 2017 
300 |a 68 s. 
100 1 |a Mikušová, Kristína 
700 1 |a Majerník, Milan 
710 2 |a Podnikovohospodárska fakulta EU so sídlom v Košiciach. Katedra manažmentu